Największe Kraje w Europie! - Statystyki

Ogólne statystyki
  • Ten quiz został rozwiązany 329 razy
  • Średni wynik to 13 z 16
Statystyki odpowiedzi
Powierzchnia Odpowiedź Całość Kraju Leżącego w Europie % Poprawnych
312 679 km2 Polska Cały
98%
17 075 400 km2 Rosja Z częścią azjatycką
98%
543 940 km2 Francja Cały
95%
357 114 km2 Niemcy Cały
95%
504 645 km2 Hiszpania Cały
92%
603 700 km2 Ukraina Cały
89%
449 964 km2 Szwecja Cały
86%
301 340 km2 Włochy Cały
85%
324 220 km2 Norwegia Cały
83%
338 145 km2 Finlandia Cały
82%
244 820 km2 Wielka Brytania Cały
76%
238 391 km2 Rumunia Cały
73%
207 600 km2 Białoruś Cały
70%
131 940 km2 Grecja Cały
62%
110 910 km2 Bułgaria Cały
51%
103 125 km2 Islandia Cały
37%
Nie znaleziono quizów pasujących do podanych kryteriów
Rozkład punktacji
Procent ludzi z każdym wynikiem
Percentyl według liczby udzielonych odpowiedzi
Twoja historia wyników
Nie rozwiązałeś tego quizu